书目信息 |
| 题名: |
新编组织行为学教程
|
|
| 作者: | 胡爱本 编著 | |
| 分册: | ||
| 出版信息: | 上海 复旦大学出版社 1996 |
|
| 页数: | 290页 | |
| 开本: | 20cm | |
| 丛书名: | 大学管理类教材丛书 | |
| 单 册: | ||
| 中图分类: | C93 | |
| 科图分类: | ||
| 主题词: | 组织行为学--高等学校--教材 , 管理学 | |
| 电子资源: | ||
| ISBN: | 7-309-00841-3 | |
| 000 | 00721nam2 2200253 45 | |
| 001 | 0197002862 | |
| 005 | 20050324105451.7 | |
| 010 | @a7-309-00841-3@dCNY12.00 | |
| 100 | @a19970128d1996 em y0chiy0121 ea | |
| 101 | 0 | @achi |
| 102 | @aCN@b310000 | |
| 105 | @ay z 000yy | |
| 200 | 10 | @a新编组织行为学教程@Axin bian zu zhi xing wei xue jiao cheng@f胡爱本等编著@FHu Ai Ben Deng Bian Zhu |
| 205 | @a2版 | |
| 210 | @a上海@c复旦大学出版社@d1996 | |
| 215 | @a290页@d20cm | |
| 225 | 2 | @a大学管理类教材丛书 |
| 410 | 0 | @120010@a大学管理类教材丛书 |
| 606 | @a组织行为学@x高等学校@x教材 | |
| 606 | 0 | @a管理学 |
| 690 | @aC93@v3 | |
| 701 | 0 | @a胡爱本@4编著 |
| 801 | 0 | @aCN@bNLC@c19970327 |
| 905 | @dC93@e105=2@f1@b283144 | |
| 新编组织行为学教程/胡爱本等编著.-2版.-上海:复旦大学出版社,1996 |
| 290页;20cm.-(大学管理类教材丛书) |
| ISBN 7-309-00841-3:CNY12.00 |
| ● |
| 相关链接 |
|
|
|
|
正题名:新编组织行为学教程
索取号:C93/105=2
 
预约/预借
| 序号 | 登录号 | 条形码 | 馆藏地/架位号 | 状态 | 备注 |
| 1 | 0283143 | 002831430 | 第一借阅区/ [索取号:C93/105=2] | 在馆 | |
| 2 | 0283144 | 002831449 | 第一借阅区/ [索取号:C93/105=2] | 在馆 | |
| 3 | 0283145 | 002831458 | 第一样本阅览室/ [索取号:C93/105=2] | 在馆 |